LEADER 01064nls 2200265-a 450 001 996354850003316 005 20200827113820.0 011 $a1476-4679 100 $a19990525a19999999 s-- a 101 0 $aeng 102 $aGB 110 0 $aafa 0 135 $adrcnu|||||||| 200 10$aNature cell biology 207 0$a1(1999)- 210 $aLondon$cMacmillan Magazines Ltd.$d1999- 326 $aMensile 330 0$aNature Cell Biology è una rivista mensile che pubblica ricerche di alta qualità in tutte le aree della biologia cellulare. Tutte le decisioni editoriali vengono prese da un team di editori professionisti a tempo pieno.Nature Cell Biology pubblica articoli di altissima qualità da tutti i settori della biologia cellulare, incoraggiando coloro che fanno luce sui meccanismi alla base dei processi biologici cellulari fondamentali. 606 $aCitologia$xPeriodici$2BNCF 676 $a571.605 801 0$aIT$bcba$gREICAT 912 $a996354850003316 959 $aEJ 996 $aNature cell biology$9792639 997 $aUNISA LEADER 00978cam0 22002773 450 001 SON0005710 005 20200910075144.0 100 $a20010305d1961 |||||ita|0103 ba 101 $aita 102 $aIT 200 1 $aScritti d'arte di Federico Zuccaro$fa cura di Detlef Heikamp 210 $aFirenze$cLeo S. Olschki$d1961 215 $aXIV, 322 p.$d24 cm 225 2 $aFonti per lo studio della Storia dell'Arte$v1 410 1$1001LAEC00017932$12001 $a*Fonti per lo studio della Storia dell'Arte$v1 700 1$aHeikamp$b, Detlef$3AF00010600$4070$0215451 702 1$aZUCCARO, Federico$3AF00021008$4070 801 0$aIT$bUNISOB$c20200910$gRICA 850 $aUNISOB 852 $aUNISOB$j700$m65772 912 $aSON0005710 940 $aM 102 Monografia moderna SBN 941 $aM 957 $a700$b000889$gSI$d65772$rACQUISTO$1Alfano$2UNISOB$3UNISOB$420160913090327.0$520160913090342.0$6Alfano 996 $aScritti d'arte di Federico Zuccaro$91675398 997 $aUNISOB